Rudolf Moško /

Salvato in:
Dettagli Bibliografici
Autori principali: Lovišková, Danica (Autore), Kriška, Fedor (Autore), Dobiáš, Rudolf (Autore)
Natura: Libro
Lingua:slovacco
inglese
Pubblicazione: Trenčín : Q-EX : GMAB v Trenčíne, 2006
Edizione:1. vydanie
Soggetti:
Tags: Aggiungi Tag
Nessun Tag, puoi essere il primo ad aggiungerne!!

MARC

LEADER 00000nam a22000003a 4500
001 0071852
003 SK-STU
005 20200117112024.2
007 ta
008 190220s ----xo-----e------000-0-----d
020 |a 80-969050-9-0 
040 |a STU  |b slo 
041 0 |a slo  |a eng 
044 |a xo 
100 1 |a Lovišková, Danica  |4 aut 
245 1 0 |a Rudolf Moško /  |c aut. Danica Lovišková, Fedor Kriška, Rudolf Dobiáš 
250 |a 1. vydanie 
260 |a Trenčín :  |b Q-EX :  |b GMAB v Trenčíne,  |c 2006 
300 |a 185 s. 
650 0 7 |a výtvarníci slovenskí 
650 0 7 |a maľba 
650 0 7 |a výtvarné umenie 
650 0 7 |a tvorba 
700 1 |a Kriška, Fedor  |4 aut 
700 1 |a Dobiáš, Rudolf  |4 aut 
996 |b 284AU07880  |c A* 11139/U  |l AAKNAR  |s A  |a 24  |w 0071852_0001